Advances in materials science for environmental and energy technologies III / (Record no. 356006)

000 -LEADER
fixed length control field 01123cam a22003015a 4500
001 - CONTROL NUMBER
control field 18751773
003 - CONTROL NUMBER IDENTIFIER
control field USPCAS-E
005 - DATE AND TIME OF LATEST TRANSACTION
control field 20180118181420.0
008 - FIXED-LENGTH DATA ELEMENTS--GENERAL INFORMATION
fixed length control field 150820s2014 njua b 101 0 eng
010 ## - LIBRARY OF CONGRESS CONTROL NUMBER
LC control number 2015472005
020 ## - INTERNATIONAL STANDARD BOOK NUMBER
International Standard Book Number 1118996682
020 ## - INTERNATIONAL STANDARD BOOK NUMBER
International Standard Book Number 9781118996683
040 ## - CATALOGING SOURCE
Original cataloging agency DLC
Transcribing agency DLC
042 ## - AUTHENTICATION CODE
Authentication code pcc
082 ## - DEWEY DECIMAL CLASSIFICATION NUMBER
Edition number 23
Classification number 620.14
Author Mark ADV 2014
245 00 - TITLE STATEMENT
Title Advances in materials science for environmental and energy technologies III /
Statement of responsibility, etc. edited by Tatsuki Ohji, Josef Matyáš, Navin Jose Manjooran, Gary Pickrell, Andrei Jitianu.
300 ## - PHYSICAL DESCRIPTION
Extent ix, 322 pages :
Other physical details illustrations ;
Dimensions 25 cm.
490 0# - SERIES STATEMENT
Series statement Ceramic transactions,
International Standard Serial Number 1042-1122 ;
Volume/sequential designation volume 250
502 ## - DISSERTATION NOTE
Dissertation note .
504 ## - BIBLIOGRAPHY, ETC. NOTE
Bibliography, etc. note Includes bibliographical references and index.
650 #0 - SUBJECT ADDED ENTRY--TOPICAL TERM
Topical term or geographic name entry element Ceramic materials
Form subdivision Congresses.
650 #0 - SUBJECT ADDED ENTRY--TOPICAL TERM
Topical term or geographic name entry element Radioactive waste disposal
General subdivision Equipment and supplies
-- Materials
Form subdivision Congresses.
650 #0 - SUBJECT ADDED ENTRY--TOPICAL TERM
Topical term or geographic name entry element Manufacturing processes
General subdivision Environmental aspects
Form subdivision Congresses.
700 1# - ADDED ENTRY--PERSONAL NAME
Personal name Ohji, T.
Fuller form of name (Tatsuki),
Relator term editor.
906 ## - LOCAL DATA ELEMENT F, LDF (RLIN)
a 0
b ibc
c origres
d 2
e ncip
f 20
g y-gencatlg
942 ## - ADDED ENTRY ELEMENTS (KOHA)
Source of classification or shelving scheme
Koha item type Book
Holdings
Withdrawn status Lost status Source of classification or shelving scheme Damaged status Not for loan Collection code Permanent Location Current Location Shelving location Date acquired Source of acquisition Cost, normal purchase price Total Checkouts Full call number Barcode Date last seen Price effective from Koha item type
            US-Pakistan Center for Advanced Studies in Energy (USPCAS-E) US-Pakistan Center for Advanced Studies in Energy (USPCAS-E)   02/01/2016 Golden books 11404.00   620.14 ADV 2014 CAS-E0001400 02/01/2016 02/01/2016 Book
© 2023 Central Library, National University of Sciences and Technology. All Rights Reserved.